LEADER 01755nam 2200601Ia 450 001 9910457530003321 005 20200520144314.0 010 $a1-283-42280-8 010 $a9786613422804 010 $a0-19-163438-7 035 $a(CKB)2550000000079064 035 $a(SSID)ssj0000598540 035 $a(PQKBManifestationID)12271916 035 $a(PQKBTitleCode)TC0000598540 035 $a(PQKBWorkID)10591122 035 $a(PQKB)10633400 035 $a(MiAaPQ)EBC3054510 035 $a(Au-PeEL)EBL3054510 035 $a(CaPaEBR)ebr10524962 035 $a(CaONFJC)MIL342280 035 $a(OCoLC)773827975 035 $a(EXLCZ)992550000000079064 100 $a20100722d2010 uy 0 101 0 $aeng 135 $aurcn||||||||| 181 $ctxt 182 $cc 183 $acr 200 04$aThe ancient dancer in the modern world$b[electronic resource] $eresponses to Greek and Roman dance /$fedited by Fiona Macintosh 210 $aOxford ;$aNew York $cOxford University Press$d2010 215 $axxii, 511 p. $cill. (some col.) 300 $aBibliographic Level Mode of Issuance: Monograph 311 $a0-19-965693-2 311 $a0-19-954810-2 320 $aIncludes bibliographical references and index. 606 $aModern dance 606 $aTheater 606 $aDance$zGreece 606 $aDance$zRome 608 $aElectronic books. 615 0$aModern dance. 615 0$aTheater. 615 0$aDance 615 0$aDance 676 $a792.8 701 $aMacintosh$b Fiona$f1959-$0943954 801 0$bMiAaPQ 801 1$bMiAaPQ 801 2$bMiAaPQ 906 $aBOOK 912 $a9910457530003321 996 $aThe ancient dancer in the modern world$92256557 997 $aUNINA